<?xml version="1.0" encoding="UTF-8"?>
<record
    xmlns:xsi="http://www.w3.org/2001/XMLSchema-instance"
    xsi:schemaLocation="http://www.loc.gov/MARC21/slim http://www.loc.gov/standards/marcxml/schema/MARC21slim.xsd"
    xmlns="http://www.loc.gov/MARC21/slim">

  <leader>02059nam a2200289Ia 4500</leader>
  <controlfield tag="001">H4201</controlfield>
  <controlfield tag="003">IT-RoPAU</controlfield>
  <controlfield tag="008">130308s9999    xx            000 0 und d</controlfield>
  <datafield tag="040" ind1=" " ind2=" ">
    <subfield code="a">IT-RoPAU</subfield>
  </datafield>
  <datafield tag="040" ind1=" " ind2=" ">
    <subfield code="c">IT-RoPAU</subfield>
  </datafield>
  <datafield tag="041" ind1=" " ind2=" ">
    <subfield code="a">ITALIANO</subfield>
  </datafield>
  <datafield tag="100" ind1=" " ind2=" ">
    <subfield code="a">Manco Cinzia</subfield>
  </datafield>
  <datafield tag="100" ind1=" " ind2=" ">
    <subfield code="g">Codice Aut. SPICS: 57564</subfield>
  </datafield>
  <datafield tag="245" ind1=" " ind2=" ">
    <subfield code="a">Canaletto</subfield>
  </datafield>
  <datafield tag="245" ind1=" " ind2=" ">
    <subfield code="b">Canaletto</subfield>
  </datafield>
  <datafield tag="250" ind1=" " ind2=" ">
    <subfield code="a">1a ed.</subfield>
  </datafield>
  <datafield tag="260" ind1=" " ind2=" ">
    <subfield code="a">MILANO</subfield>
  </datafield>
  <datafield tag="260" ind1=" " ind2=" ">
    <subfield code="b">Corriere Della Sera</subfield>
  </datafield>
  <datafield tag="260" ind1=" " ind2=" ">
    <subfield code="c">2003 [1&#xB0; Ed.:2003 - Ed.Ling.Originale:2003]</subfield>
  </datafield>
  <datafield tag="300" ind1=" " ind2=" ">
    <subfield code="a">"192 p. (prefazione: no ; testo: 192 [pagine: 0-0])"</subfield>
  </datafield>
  <datafield tag="500" ind1=" " ind2=" ">
    <subfield code="a">"Presentazione di Giuseppe Berto: Venezia Salvata. La Vita, L'Arte e I capolavori a cura di Manco Cinzia. Apparati: tavola Cronologica; collocazione Geografica delle Opere; breve Antologia Critica; consigli Bibliografici. I Capolavori: Il Canal Grande Verso Rialto; Il Canal Grande Visto Campo San Vio; Il Rio dei Mendicanti; Il Canal Grande da palazzo Corner Spinelli Verso Rialto; Il Canal Grande Dalla Prossimit&#xE0; del Ponte di Rialto Verso Nord; Il Ponte di Rialto da Nord; Campo Santi Giovanni e Paolo; Il Canal Grande Dasanta Maria della Carit&#xE0; Verso Il Bacino di San Marco; Arrivo dell'Ambasciatore Francese a Venezia; Il Canal Grande da palazzo Baldi; la Dogana e Lariva delle Zattere; veduta da San Marco della Dogana da Mar e della Salute; Il Canal Grande da palazzo Baldi; le Chiuse di Dolo; Ricevimento dell'Ambasciatore Imperiale a palazzo Ducale; Il Bacino di San Marco con Il Bucintoro; la Piazzetta Verso la torre dell'Orologio; veduta del Canal Grande da San Vio Verso Il Bacino; San Giuseppe di Castello; Il Canal Grande Fra palazzo Bembo e palazzo Vendramin Calergi; Scuola di San Rocco; Il Bacino di Sanmarco; Campo Santi Apostoli; Campo di Santa Maria Formosa; Il Ponte dell'Arsenale; Piazza San Marco Dalla Basilica Verso la Chiesa di San Geminiano Ele Procuratie Nuove; Il Ponte di Rialto da Sud; Canal Grande dal Ponte di R"</subfield>
  </datafield>
  <datafield tag="650" ind1=" " ind2=" ">
    <subfield code="a">AUTORI/OPERE DI PITTURA</subfield>
  </datafield>
  <datafield tag="650" ind1=" " ind2=" ">
    <subfield code="e">Codice materia Spics: 5207</subfield>
  </datafield>
  <datafield tag="942" ind1=" " ind2=" ">
    <subfield code="c">BK</subfield>
  </datafield>
  <datafield tag="957" ind1=" " ind2=" ">
    <subfield code="7">1</subfield>
  </datafield>
  <datafield tag="999" ind1=" " ind2=" ">
    <subfield code="c">91161</subfield>
    <subfield code="d">91161</subfield>
  </datafield>
  <datafield tag="999" ind1=" " ind2=" ">
    <subfield code="g">1</subfield>
  </datafield>
  <datafield tag="952" ind1=" " ind2=" ">
    <subfield code="0">0</subfield>
    <subfield code="1">0</subfield>
    <subfield code="4">0</subfield>
    <subfield code="6">H_000000000000000_4201</subfield>
    <subfield code="7">1</subfield>
    <subfield code="a">SPICS</subfield>
    <subfield code="b">SPICS</subfield>
    <subfield code="d">2013-03-08</subfield>
    <subfield code="l">0</subfield>
    <subfield code="o">H4201</subfield>
    <subfield code="r">2013-03-08 00:00:00</subfield>
    <subfield code="w">2013-03-08</subfield>
    <subfield code="y">BK</subfield>
    <subfield code="z">Progressivo inserimento:  23982 /  N. Volumi: 1 Copie: 1  / data import: 1 marzo 2013 - By Epidotti, Trombetti, Vaglietti. </subfield>
  </datafield>
</record>
